UM Logo
Normal view MARC view
  • Sha, Deshang.

Entry Personal Name

Number of records used in: 1

001 - CONTROL NUMBER

  • control field: 54251

003 - CONTROL NUMBER IDENTIFIER

  • control field: OSt

005 - DATE AND TIME OF LATEST TRANSACTION

  • control field: 20240308151623.0

008 - FIXED-LENGTH DATA ELEMENTS

  • fixed length control field: 240308|| aca||aabn | a|a d

040 ## - CATALOGING SOURCE

  • Original cataloging agency: OSt
  • Transcribing agency: OSt

100 ## - HEADING--PERSONAL NAME

  • Personal name: Sha, Deshang.
  • Relator term: author.

670 ## - SOURCE DATA FOUND

  • Source citation: Work cat.: (OSt): Sha, Deshang. author., ZVS-interleaved synchronous buck DC-DC converter with a coupled inductor by varying switching frequency and deadtime /, July 2022.